Social research : An international quarterly of the social sciences
Contents: Authority, political theology and the politics of knowledge in the transition from medieval to early modern catholicism; Patent repubkic: representing inventions, constructing rights and authors...
Sparad:
| Materialtyp: | Bok |
|---|---|
| Språk: | Undetermined |
| Publicerad: |
New York
New School for Social Research
2006
|
| Ämnen: | |
| Taggar: |
Lägg till en tagg
Inga taggar, Lägg till första taggen!
|
| Thư viện lưu trữ: | Trung tâm Học liệu Trường Đại học Cần Thơ |
|---|
| LEADER | 00812nam a2200205Ia 4500 | ||
|---|---|---|---|
| 001 | CTU_180166 | ||
| 008 | 210402s9999 xx 000 0 und d | ||
| 020 | |c 14 | ||
| 082 | |a 302.072 | ||
| 082 | |b S678/Vol.73/N.4 | ||
| 245 | 0 | |a Social research : | |
| 245 | 3 | |b An international quarterly of the social sciences | |
| 245 | 0 | |c Editor: Arien Mack | |
| 260 | |a New York | ||
| 260 | |b New School for Social Research | ||
| 260 | |c 2006 | ||
| 520 | |a Contents: Authority, political theology and the politics of knowledge in the transition from medieval to early modern catholicism; Patent repubkic: representing inventions, constructing rights and authors... | ||
| 650 | |a Social research,Nghiên cứu xã hội | ||
| 904 | |i Kiều Trang, Giang | ||
| 980 | |a Trung tâm Học liệu Trường Đại học Cần Thơ | ||